Zmena farby bukového dreva v procese sušenia

Bibliographic Details
Main Authors: Klement, Ivan, 1966- (Author), Marko, Peter (Author)
Format: Article
Language:Slovak
PhysicalDescription:Obr., tab.
ISSN:1336-3824
Subjects:

MARC

LEADER 00000nab a2200000 ar4500
001 vtls009485496
003 SK-MaSNL
005 20260304154321.0
008 250507c2008 xo |||||||||||000 b|slo
015 |a SNBRB2009/03  |2 snkbucl 
035 |a (uuid)821820d0-822c-4759-afa5-0a55c59e2437 
035 |a urn:nbn:sk:snk-ab9og9 
035 |a (urnnbn)urn:nbn:sk:snk:ar-a08mdw 
038 |a SNKBUCL 
040 |a SNKBUCL  |b slo  |c SNKBUCL  |e AACR2 
041 0 |a slo  |b eng  |b slo 
044 |a xo  |c SK 
080 |a 674.031.632.2.047  |2 1997 
100 1 |a Klement, Ivan,  |d 1966-  |4 aut  |9 206404 
245 1 0 |a Zmena farby bukového dreva v procese sušenia  |c Ivan Klement, Peter Marko 
246 3 1 |a Colour change of beech wood during drying 
300 |b Obr., tab. 
504 |a Bibliogr. odkazy 
546 |a Res. angl., slov. 
650 0 7 |a bukové drevo  |2 snkbucl  |9 73023 
650 0 7 |a farby  |2 snkbucl  |9 3746 
650 0 7 |a sušenie  |2 snkbucl  |9 15921 
650 0 7 |a vysokoteplotné sušenie  |2 snkbucl  |9 1408397 
650 0 7 |a kontaktné sušenie  |2 snkbucl  |9 1408400 
700 1 |a Marko, Peter  |4 aut  |9 163092 
773 0 |t Acta Facultatis Xylologiae Zvolen : vedecký časopis Drevárskej fakulty  |g Roč. L, č. 1 (2008), s. 47-53  |x 1336-3824 
850 |a Slovenská národná knižnica 
852 |a Slovenská národná knižnica 
954 |a odborná, vedecká literatúra pôvodná (slovenská)  |2 lita 
958 |a article13 
958 |a OND 
958 |a NB 
958 |a EUIPO 
999 |c 2957113  |d 2959043